[Event "Extraliga CZE 2004-5"]
[Site "Czech Rep CZE"]
[Date "2005.04.16"]
[Round "10"]
[White "Londyn,R"]
[Black "Malik,J"]
[Result "1-0"]
[WhiteElo "2353"]
[BlackElo "2233"]

1.e4 c5 2.Nf3 d6 3.d4 cxd4 4.Nxd4 Nf6 5.Nc3 a6 6.f3 e5 7.Nb3 Be6 8.Be3 Nbd7
9.Qd2 Rc8 10.O-O-O b5 11.Qf2 h5 12.Kb1 Qc7 13.Nd5 Nxd5 14.exd5 Bf5 15.Bd3 Bxd3
16.Rxd3 Be7 17.Rhd1 Qd8 18.Bd2 Bf6 19.Bb4 Nb8 20.Na5 Qd7 21.Ra3 Bd8 22.f4 Bxa5
23.Rxa5 Rc4 24.Qb6 O-O 25.Qxd6 Rxb4 26.Qxb4 Nc6 27.Qe1 Nxa5 28.Qxa5 exf4
29.d6 Re8 30.Qxa6 Qg4 31.Kc1 Qxg2 32.d7 Rd8 33.Qxb5 Qe4 34.Qd5 Qe3+ 35.Qd2 Qe6
36.Qd5 Qe3+ 37.Kb1 f3 38.Qd3 Qe2 39.c4 Qe6 40.Qxf3 Rxd7 41.Rxd7 Qxd7 42.h3 Qd4
43.b3 h4 44.a4 Qg1+ 45.Kc2 Qh2+ 46.Kd3 Qd6+ 47.Kc2 Qh2+ 48.Kd1 Qg1+ 49.Ke2 Qd4
50.Qd3 Qe5+ 51.Qe3 Qh2+ 52.Kd1 Qd6+ 53.Kc2 Qh2+ 54.Kc1 Qg3 55.Kd2 Qh2+ 56.Kc3 Qg3
57.Qd3 g5 58.c5 Kf8 59.a5 Qe1+ 60.Qd2 Qe5+ 61.Kc4 Qe4+ 62.Qd4 Qe6+ 63.Qd5 Qe2+
64.Qd3 Qe6+ 65.Kb5 Qe8+ 66.c6 Qb8+ 67.Ka4 Qf4+ 68.Qc4 Qc7 69.Qc5+ Ke8 70.Qxg5 f6
71.Qg8+ Ke7 72.Qg7+ Kd6  1-0

[Event "ch-CUB KO"]
[Site "Santa Clara CUB"]
[Date "2005.04.18"]
[Round "1.1"]
[White "Dominguez,L"]
[Black "Quezada,Y"]
[Result "1-0"]
[WhiteElo "2658"]
[BlackElo "2502"]

1.e4 c5 2.Nf3 d6 3.d4 cxd4 4.Nxd4 Nf6 5.Nc3 a6 6.f3 e5 7.Nb3 Be6 8.Be3 Nbd7
9.g4 Nb6 10.g5 Nh5 11.Qd2 Be7 12.O-O-O O-O 13.Rg1 Rc8 14.Kb1 g6 15.h4 Qc7
16.Qf2 Nc4 17.Bxc4 Qxc4 18.f4 exf4 19.Bxf4 Nxf4 20.Qxf4 f6 21.Qh2 fxg5 22.hxg5 Rf7
23.Nd4 Rcf8 24.e5 Rf4 25.Nxe6 Qxe6 26.exd6 Bxd6 27.Qh1 Be5 28.Rge1 R4f5 29.Qxb7 Rxg5
30.Ne4 Rgf5 31.Nd6 R5f6 32.c4 Rf2 33.c5 Kh8 34.Qb4 R8f4 35.Qb8+ Rf8 36.Nf7+ Rxf7
37.Qxe5+ Qxe5 38.Rxe5 Kg7 39.c6 Rc7 40.Rc5 Rf6 41.Rdc1 Rf4 42.a3 h5 43.b4 h4
44.Kb2 h3 45.Kb3 h2 46.a4 Rf3+ 47.Kb2 Rf2+ 48.Kb3 Rf3+ 49.Kb2 Rf2+ 50.Kc3 Rf3+
51.Kc4 Rf4+ 52.Kd5 Rxb4 53.Kd6 Rc8 54.c7 Rd4+ 55.Kc6 Rh4 56.Rh1 Rf8 57.Kb7 Rb4+
58.Ka7 Rb2 59.c8=Q Rxc8 60.Rxc8 g5 61.Rc3  1-0

[Event "TCh-HUN w"]
[Site "Budapest HUN"]
[Date "2005.04.20"]
[Round "2"]
[White "Szabo,N"]
[Black "Simon,Z"]
[Result "1-0"]
[WhiteElo "1955"]
[BlackElo "2142"]

1.e4 c5 2.Nf3 d6 3.d4 cxd4 4.Nxd4 Nf6 5.Nc3 a6 6.f3 Nc6 7.Be3 e5 8.Nb3 Be6
9.Qd2 Qd7 10.O-O-O Rc8 11.Na4 Qc7 12.Nb6 Rd8 13.Bc4 Bxc4 14.Nxc4 Nd4 15.Bxd4 Qxc4
16.Bxe5 Rc8 17.Bc3 Be7 18.Qd4 Qxd4 19.Nxd4 O-O 20.Nf5 Rc7 21.Nxe7+ Rxe7 22.Rxd6 Nh5
23.Rd2 Rfe8 24.g3 f6 25.Rhd1 Kf7 26.Bb4 Re5 27.Bd6 Ra5 28.g4 Rxa2 29.Kb1 Ra5
30.Rd5 Rxd5 31.Rxd5 Rd8 32.gxh5  1-0

[Event "2nd Open"]
[Site "Porto Carras GRE"]
[Date "2005.04.22"]
[Round "1"]
[White "Mastrovasilis,D"]
[Black "Psathas,T"]
[Result "1-0"]
[WhiteElo "2562"]
[BlackElo "2075"]

1.e4 c5 2.Nf3 d6 3.d4 cxd4 4.Nxd4 Nf6 5.f3 a6 6.Nc3 g6 7.Be3 Bg7 8.Qd2 b5
9.O-O-O O-O 10.g4 Bb7 11.h4 h5 12.gxh5 Nxh5 13.Rg1 Nd7 14.Nf5 Ne5 15.Nxg7 Nxg7
16.Qf2 b4 17.Nd5 Bxd5 18.Rxd5 e6 19.Rd2 Qc7 20.Bd4 Qa5 21.b3 Qxa2 22.Bb2 Rfc8
23.Qd4 Nh5 24.Qxd6 Nxf3 25.Rxg6+ Kh7 26.Rxe6  1-0

[Event "ch-UKR u20"]
[Site "Lviv UKR"]
[Date "2005.04.24"]
[Round "6"]
[White "Kryvoruchko,Y"]
[Black "Vovk,Y"]
[Result "1-0"]
[WhiteElo "2498"]
[BlackElo "2434"]

1.e4 c5 2.Nf3 d6 3.d4 cxd4 4.Nxd4 Nf6 5.Nc3 a6 6.f3 Qb6 7.Nb3 e6 8.Qe2 Qc7
9.g4 b5 10.Be3 Nc6 11.g5 Nd7 12.O-O-O Nb6 13.f4 Nc4 14.h4 Be7 15.Bh3 Nxe3
16.Qxe3 b4 17.Ne2 a5 18.Nbd4 a4 19.Kb1 O-O 20.f5 Nxd4 21.Nxd4 b3 22.axb3 axb3
23.Nxb3 Bd7 24.Rd3 Rfb8 25.fxe6 fxe6 26.Rc3 Qb7 27.Rd1 Ra5 28.Rd4 Re5 29.Rdc4 Bd8
30.Qd4 Qb6 31.Qxb6 Bxb6 32.Rb4 Kf7 33.Nd2 Rb5 34.Rxb5 Bxb5 35.Rb3 Bc6 36.Nc4 Bc7
37.Rc3 Bxe4 38.Ne5+ dxe5 39.Rxc7+ Kg6 40.Bxe6 Rf8 41.b4 Kh5 42.Rc5 Rf4 43.b5 Kxh4
44.Rxe5 Kg3 45.Kb2 h5 46.gxh6 gxh6 47.Bd5 Bf5 48.c4 Bg4 49.b6 Rf8 50.b7 h5
51.c5 h4 52.c6 h3 53.c7  1-0

[Event "7th Rector Cup"]
[Site "Kharkiv UKR"]
[Date "2005.04.30"]
[Round "11"]
[White "Averjanov,A"]
[Black "Tihonov,J"]
[Result "0-1"]
[WhiteElo "2381"]
[BlackElo "2466"]

1.e4 c5 2.Nf3 d6 3.d4 cxd4 4.Nxd4 Nf6 5.Nc3 a6 6.f3 e5 7.Nb3 h5 8.Be3 Be6
9.Qd2 Nbd7 10.a4 Be7 11.a5 O-O 12.Be2 b5 13.Nd5 Bxd5 14.exd5 Qc7 15.O-O Rac8
16.c3 Nc5 17.Nc1 Rfe8 18.Ra3 e4 19.f4 Qb7 20.Rd1 Ng4 21.b4 Nd3 22.Nxd3 exd3
23.Bxd3 Nxe3 24.Qxe3 Bf6 25.Qf3 Qa7+ 26.Kh1 Qe3 27.c4 Qxf3 28.gxf3 bxc4 29.Bc2 Re2
30.Ra2 Kf8 31.Bb1 Rxa2 32.Bxa2 c3 33.Rc1 Rb8 34.Rb1 Bd4 35.Bc4 Rxb4 36.Bd3 Ra4
37.Bxa6 c2 38.Rc1 Ra1  0-1

[Event "SME Open"]
[Site "Ostrava CZE"]
[Date "2005.05.01"]
[Round "2"]
[White "Sekac,M"]
[Black "Poloch,P"]
[Result "1/2-1/2"]
[WhiteElo "2124"]
[BlackElo "2302"]

1.e4 c5 2.Nf3 d6 3.d4 Nf6 4.Nc3 cxd4 5.Nxd4 a6 6.f3 e6 7.Be3 Qc7 8.Qd2 b5
9.g4 Bb7 10.g5 Nfd7 11.a4 bxa4 12.Nxa4 d5 13.exd5 Bxd5 14.Be2 Ne5 15.O-O Nbd7
16.b3 Bb7 17.f4 Nc6 18.f5 Bd6 19.Bf3 exf5 20.Nxf5 Be5 21.Rad1 Rd8 22.Nd6+ Bxd6  1/2-1/2

[Event "23rd Liechtenstein Open"]
[Site "Triesen LIE"]
[Date "2005.05.05"]
[Round "7"]
[White "Senff,M"]
[Black "Van der Weide,K"]
[Result "1-0"]
[WhiteElo "2430"]
[BlackElo "2472"]

1.e4 c5 2.Nf3 d6 3.d4 cxd4 4.Nxd4 Nf6 5.Nc3 a6 6.f3 e5 7.Nb3 Be6 8.Be3 h5
9.Nd5 Bxd5 10.exd5 Nbd7 11.c4 g6 12.Bd3 Bg7 13.O-O O-O 14.Nd2 Qc7 15.Rc1 Nc5
16.Bb1 a5 17.Kh1 Nfd7 18.Ne4 Rae8 19.Nc3 f5 20.a3 e4 21.f4 a4 22.Nb5 Qb8
23.Bc2 Rc8 24.Bd4 Bxd4 25.Qxd4 Rce8 26.Rfe1 Nf6 27.Nc3 Qa8 28.h3 Qa6 29.Kh2 Kf7
30.Nb5 Re7 31.Re3 Rd7 32.Rc3 Re8 33.Re3 h4 34.Rc3 Nh5 35.Qe3 Qb6 36.Nd4 Qd8
37.Ne6 Nxe6 38.dxe6+ Rxe6 39.Bxa4 Rc7 40.b4 Kg7 41.Bb3 Rf6 42.a4 Kh6 43.Rd1 Rg7
44.Rd5 g5 45.fxg5+ Rxg5 46.Bd1 Qe8 47.Bxh5 Kxh5 48.b5 Qg6 49.Qe2+ Kh6 50.Qf2 Kg7
51.Re3 Kf7 52.a5 Ke6 53.a6 bxa6 54.bxa6 Qg7 55.a7 Rf8 56.Ra3 Rg8 57.Ra2 Qh6
58.Rxd6+  1-0

[Event "Capablanca Mem Premier 2"]
[Site "Havana CUB"]
[Date "2005.05.08"]
[Round "3"]
[White "Perez,Or"]
[Black "Colovic,A"]
[Result "1-0"]
[WhiteElo "2439"]
[BlackElo "2418"]

1.e4 c5 2.Nf3 d6 3.d4 cxd4 4.Nxd4 Nf6 5.Nc3 a6 6.f3 e5 7.Nb3 Be6 8.Be3 Be7
9.Qd2 O-O 10.O-O-O Nbd7 11.g4 Nb6 12.h4 Rc8 13.Kb1 Qc7 14.h5 Nfd7 15.Rh2 Nc4
16.Bxc4 Qxc4 17.g5 f5 18.Na5 Qc7 19.Nd5 Bxd5 20.Qxd5+ Kh8 21.exf5 b6 22.h6 gxh6
23.Qe6 Bf6 24.gxf6 Nxf6 25.Bxh6 bxa5 26.Bxf8 Rxf8 27.Qxd6 Qxd6 28.Rxd6 e4
29.Rxf6 Rxf6 30.fxe4  1-0

[Event "Torch Real Estate Cup"]
[Site "Wuxi CHN"]
[Date "2005.05.08"]
[Round "7"]
[White "Zhang Xiaowen"]
[Black "Lou Hongyu"]
[Result "1-0"]
[WhiteElo "2191"]
[BlackElo "2146"]

1.e4 c5 2.Nf3 d6 3.d4 cxd4 4.Nxd4 Nf6 5.Nc3 a6 6.Be3 Ng4 7.Bc1 Nf6 8.f3 Qb6
9.Nb3 e6 10.g4 Nc6 11.g5 Nd7 12.h4 Qc7 13.Be3 b5 14.Qd2 Nce5 15.Qf2 b4 16.Na4 Qc6
17.Nb6 Nxb6 18.Na5 Nxf3+ 19.Qxf3 Qc7 20.h5 Na4 21.Nc4 Nxb2 22.Bb6 Qc6 23.g6 f6
24.Nxb2 Qxb6 25.e5 Bb7 26.Qb3 Bd5 27.Bc4 Bxh1 28.exf6 gxf6 29.Bxe6 Qg1+ 30.Ke2 Qg2+
31.Ke1 Qe4+ 32.Kf2 Qd4+ 33.Kf1 Qf4+ 34.Kg1 Qg5+ 35.Kxh1 hxg6 36.Bh3 Rxh5
37.Qe6+ Be7 38.Qg8+ Bf8 39.Re1+ Kd8 40.Qxf8+ Kc7 41.Qe7+ Kc6 42.Qd7+ Kd5
43.Qb7+ Kd4 44.Qxb4+  1-0

[Event "Capablanca Mem Premier 1"]
[Site "Havana CUB"]
[Date "2005.05.09"]
[Round "4"]
[White "Mosquera,M"]
[Black "Abreu,A"]
[Result "1/2-1/2"]
[WhiteElo "2434"]
[BlackElo "2440"]

1.e4 c5 2.Nf3 d6 3.d4 cxd4 4.Nxd4 Nf6 5.Nc3 a6 6.f3 e5 7.Nb3 Be6 8.Be3 Be7
9.Qd2 h5 10.Be2 Nbd7 11.Nd5 Bxd5 12.exd5 a5 13.a4 O-O 14.O-O Qc7 15.c4 Nc5
16.Nxc5 dxc5 17.Rad1 Bd6 18.Qe1 Ra6 19.Qh4 Rb6 20.Rd2 Rb3 21.Bg5 Nh7 22.Bd3 Nxg5
23.Qxg5 g6 24.Bxg6  1/2-1/2

[Event "62nd ch-GEO w"]
[Site "Tblisi GEO"]
[Date "2005.05.09"]
[Round "5"]
[White "Arakhamia,K"]
[Black "Dzagnidze,N"]
[Result "1/2-1/2"]
[WhiteElo "2452"]
[BlackElo "2482"]

1.e4 c5 2.Nf3 d6 3.d4 cxd4 4.Nxd4 Nf6 5.Nc3 a6 6.f3 e5 7.Nb3 Be6 8.Be3 Nbd7
9.g4 Be7 10.Qd2 Nb6 11.O-O-O Qc7 12.g5 Nfd7 13.h4 O-O-O 14.Nd5 Bxd5 15.exd5 Kb8
16.Na5 Rc8 17.Rh2 Ka8 18.Bh3 Rcf8 19.Qb4 f6 20.f4 exf4 21.Bxf4 fxg5 22.hxg5 Qc5
23.Qxc5 Nxc5 24.Re2 Rxf4 25.Rxe7 Ra4 26.Nb3 Nxb3+ 27.axb3 Rh4 28.Be6 Rf8
29.Rxg7 Rf2 30.Bg8 h6 31.g6 Rhh2 32.Rc7 Rhg2 33.Bf7 Kb8 34.Rc3 Nd7 35.Kb1 Ne5
36.Rh1 a5 37.b4 axb4 38.Rb3 Nxg6 39.Be6 Ne5 40.Rxh6 Rxc2 41.Bh3 Rh2 42.Rxd6 Nc4
43.Rd8+ Ka7 44.Rxb4 Nxb2 45.Rd7 Rc1+ 46.Kxc1 Nd3+ 47.Kd1 Nxb4 48.Be6 Kb6
49.Rg7 Rh4  1/2-1/2

[Event "Capablanca Mem Premier 1"]
[Site "Havana CUB"]
[Date "2005.05.10"]
[Round "5"]
[White "Zambrana,O"]
[Black "Vera,R"]
[Result "1/2-1/2"]
[WhiteElo "2472"]
[BlackElo "2507"]

1.e4 c5 2.Nf3 d6 3.d4 cxd4 4.Nxd4 Nf6 5.Nc3 a6 6.f3 e5 7.Nb3 Be6 8.Be3 Be7
9.Qd2 O-O 10.O-O-O Nbd7 11.g4 b5 12.g5 b4 13.Ne2 Ne8 14.f4 a5 15.f5 a4 16.fxe6 axb3
17.exf7+ Rxf7 18.Kb1 bxc2+ 19.Kxc2 Nb6 20.Nc1 d5 21.exd5 Nd6 22.Kb1 Nbc4
23.Bxc4 Nxc4 24.Qe2 Nxe3 25.g6 Nxd1 26.gxf7+ Kxf7 27.Rxd1 Bd6 28.Qe4 Kg8
29.Rf1 Qa5 30.Rf3 Rc8 31.Qf5 Qc7 32.Nb3 g6  1/2-1/2

[Event "ch-EST"]
[Site "Tallinn EST"]
[Date "2005.05.10"]
[Round "1"]
[White "Zavoronkov,V"]
[Black "Kanep,M"]
[Result "0-1"]
[WhiteElo "2399"]
[BlackElo "2474"]

1.e4 c5 2.Nf3 d6 3.d4 cxd4 4.Nxd4 Nf6 5.Nc3 a6 6.f3 b5 7.a4 b4 8.Nd5 e6 9.Nxb4 d5
10.c3 dxe4 11.Bf4 Bxb4 12.cxb4 Qb6 13.b5 O-O 14.a5 Qb7 15.Rc1 exf3 16.Qxf3 e5
17.Rxc8 Qxc8 18.Qxa8 exf4 19.Be2 Qc1+ 20.Bd1 Qe3+ 21.Ne2 Ne4  0-1

[Event "ch-LTU"]
[Site "Siauliai LTU"]
[Date "2005.05.12"]
[Round "6"]
[White "Chocenka,D"]
[Black "Zagorskis,D"]
[Result "1/2-1/2"]
[WhiteElo "2245"]
[BlackElo "2482"]

1.e4 c5 2.Nf3 d6 3.d4 cxd4 4.Nxd4 Nf6 5.Nc3 a6 6.f3 e5 7.Nb3 Be6 8.Be3 Nbd7
9.Qd2 Be7 10.O-O-O O-O 11.g4 Nb6 12.h4 Rc8 13.h5 h6 14.g5 hxg5 15.Bxg5 d5
16.h6 g6 17.h7+ Kh8 18.Qh2 Rxc3 19.bxc3 Nfd7 20.Be3 Ba3+ 21.Kb1 Na4 22.Rd3 Qc8
23.Bh6 Re8 24.c4 dxc4 25.Rxd7 Bxd7 26.Bxc4  1/2-1/2

[Event "Torch Real Estate Cup"]
[Site "Wuxi CHN"]
[Date "2005.05.14"]
[Round "13"]
[White "Yu Lie"]
[Black "Wei Chenpeng"]
[Result "1/2-1/2"]
[WhiteElo "2328"]
[BlackElo "2406"]

1.e4 c5 2.Nf3 d6 3.d4 cxd4 4.Nxd4 Nf6 5.Nc3 a6 6.f3 e5 7.Nb3 Be6 8.Be3 Be7
9.Qd2 h5 10.Nd5 Nxd5 11.exd5 Bf5 12.Be2 O-O 13.O-O Bg6 14.c4 Qc7 15.a4 Nd7
16.Na5 f5 17.b4 h4 18.Rad1 f4 19.Bf2 h3 20.Bd3 Rf6 21.Qc2 hxg2 22.Kxg2 Kf7
23.Bxg6+ Rxg6+ 24.Kh1 Rh8 25.Rg1 Rgh6 26.Rg2 g6 27.Qd3 Rd8 28.c5 Nf6 29.c6 bxc6
30.Nxc6 Ra8 31.Rdg1 Rah8 32.Qxa6 Qd7 33.Qa7 Qxa7 34.Bxa7 e4 35.fxe4 Nxe4
36.Re1 f3 37.Rf1 Ng3+ 38.Rxg3 Rxh2+ 39.Kg1 Rh1+ 40.Kf2 R8h2+ 41.Kxf3 Rxf1+
42.Ke4 Rh4+ 43.Ke3 Ra1 44.a5 Ra3+ 45.Kf2 Rf4+ 46.Kg2 Ra2+ 47.Kh1 Bh4 48.Rg2 Ra1+
49.Kh2 Be1 50.Re2 Bxb4 51.Nd8+ Kf6 52.Ne6 Rff1 53.Bd4+ Kf5 54.Ng7+ Kf4 55.Ne6+ Kf5
56.Ng7+ Kg5 57.Ne6+ Kh5 58.Bxa1 Rxa1 59.Nf4+ Kg5 60.Ne6+ Kf6 61.Nf4 Rxa5
62.Nd3 Ba3 63.Rf2+ Kg5 64.Ra2 Kf5 65.Rf2+ Ke4 66.Nf4 g5 67.Nh5 Rxd5 68.Nf6+ Ke3
69.Kg3 Rd3 70.Rf3+ Ke2 71.Rxd3 Kxd3 72.Kg4 Bc1 73.Kf5 Bf4 74.Ke6 Kd4 75.Kf5 Ke3
76.Nd5+ Kf3 77.Nf6 Kg2 78.Kg4 Kf2 79.Ne4+  1/2-1/2

[Event "Capablanca Mem Premier 1"]
[Site "Havana CUB"]
[Date "2005.05.15"]
[Round "9"]
[White "Mosquera,M"]
[Black "Vera,R"]
[Result "0-1"]
[WhiteElo "2434"]
[BlackElo "2507"]

1.e4 c5 2.Nf3 d6 3.Nc3 Nf6 4.d4 cxd4 5.Nxd4 a6 6.f3 e6 7.Be3 b5 8.Qd2 Nbd7
9.g4 Nb6 10.Bd3 Bb7 11.O-O-O Rc8 12.h4 b4 13.Nce2 d5 14.e5 Nfd7 15.Bg5 Qc7
16.f4 Nc4 17.Qe1 Nc5 18.Ng3 h6 19.Nh5 hxg5 20.hxg5 Nxd3+ 21.Rxd3 Rg8 22.Qe2 Bc5
23.Rhd1 Bxd4 24.Rxd4 Qc5 25.Qd3 Kd8 26.Re1 b3 27.axb3 Qa5 28.c3 Qa1+ 29.Qb1 Qxb1+
30.Kxb1 Na5 31.Ka2 Nc6 32.Rd2 Ne7 33.Rf1 g6 34.Nf6 Rh8 35.Ne4 Rc7 36.f5 gxf5
37.Nd6 Rh7 38.gxf5 Nxf5 39.Nxf5 exf5 40.Rxf5 Ke7 41.Rf6 Rg7 42.Rdf2 Rc6 43.Ka3 Ke8
44.Kb4 Rxf6 45.exf6 Rxg5 46.Re2+ Kd7 47.Re7+ Kc6 48.Rxf7 Rf5 49.Rf8 Rf1 50.f7 Kb6
51.c4 d4 52.c5+ Kc7 53.Kc4 Rf4 54.Re8 Rxf7 55.Kxd4 Rf4+ 56.Kc3 Rf3+ 57.Kc4 Rf4+
58.Kd3 Bd5 59.Rh8 Rf3+ 60.Kd4 Bxb3 61.Rh7+ Bf7 62.Rh6 a5 63.Ra6 a4 64.Ke4 Rf2
65.Rxa4 Bg6+ 66.Ke5 Rxb2 67.Ra7+ Kc8 68.Kd4 Rd2+ 69.Kc3 Rd1 70.Rg7 Be4 71.Kc4 Bc6
72.Kc3 Bd7 73.Kc4 Kc7 74.Rg6 Rf1 75.Rd6 Be8 76.Rh6 Bf7+ 77.Kd4 Rd1+ 78.Ke4 Re1+
79.Kd4 Be6 80.Rh7+ Kc6 81.Rh6 Kb5 82.Rh5 Rd1+ 83.Kc3 Bd5 84.Kc2 Rd4 85.Kc3 Kxc5
86.Rh8 Ra4 87.Rc8+ Bc6 88.Kd3 Ra3+ 89.Kd2 Kd5 90.Rd8+ Ke4 91.Rh8 Kd4 92.Rd8+ Bd5
93.Rd7 Ra2+ 94.Ke1 Rh2 95.Kf1 Ke4 96.Re7+ Kf3 97.Ke1 Be4 98.Kd1 Ke3 99.Kc1 Rc2+
100.Kd1 Rc8 101.Re5 Rb8 102.Rc5 Rb1+ 103.Rc1 Rb2 104.Rc8 Rg2 105.Kc1 Kd4
106.Rc7 Rh2 107.Kd1 Rb2 108.Kc1 Rg2 109.Rd7+ Ke3 110.Rc7 Rg1+ 111.Kb2 Rb1+
112.Ka2 Rb8 113.Rd7 Bd3 114.Rd6 Kd2 115.Rc6 Bc2 116.Rh6 Kc1 117.Rh1+ Bd1
118.Rh3 Rb7 119.Rc3+ Bc2 120.Rh3 Kd2 121.Rf3  0-1

[Event "Capablanca Mem Premier 2"]
[Site "Havana CUB"]
[Date "2005.05.18"]
[Round "12"]
[White "Quezada,Y"]
[Black "Colovic,A"]
[Result "1-0"]
[WhiteElo "2502"]
[BlackElo "2418"]

1.e4 c5 2.Nf3 d6 3.d4 cxd4 4.Nxd4 Nf6 5.Nc3 a6 6.f3 e5 7.Nb3 Be6 8.Be3 Nbd7
9.Qd2 b5 10.O-O-O Be7 11.Nd5 Bxd5 12.exd5 Nb6 13.Bxb6 Qxb6 14.Na5 Rc8 15.Nc6 Nxd5
16.Nxe7 Nxe7 17.Qxd6 Qxd6 18.Rxd6 Nc6 19.Rd2 Ke7 20.a3 Nd4 21.Kb1 Rhd8 22.Bd3 f5
23.Re1 Kf6 24.Red1 Ne6 25.c3 Nc5 26.Bc2 Nb7 27.Rd7 Rxd7 28.Rxd7 Nc5 29.Rd6+ Ke7
30.Bxf5 Kxd6 31.Bxc8 a5 32.b4 axb4 33.axb4 Nd3 34.Bb7 Nf4 35.g3 Ne6 36.Be4 h6
37.Kc2 g5 38.Kd3 h5 39.Bg6 Ng7 40.Ke3 h4 41.Bd3 hxg3 42.hxg3 Kc6 43.Ke4 Nh5
44.g4 Nf4 45.Bf1 Ng6 46.Kf5 Nh4+ 47.Kxg5 Nxf3+ 48.Kf5 e4 49.g5 Kd6 50.g6 Ke7
51.Bxb5 Nd2 52.Be2 Nb1 53.Bc4 e3 54.g7 e2 55.Bxe2 Kf7 56.c4  1-0

[Event "Chigorin CC"]
[Site "St Petersburg RUS"]
[Date "2005.05.21"]
[Round "6"]
[White "Melnikov,D"]
[Black "Kopasov,E"]
[Result "0-1"]
[WhiteElo "2305"]
[BlackElo "2120"]

1.e4 c5 2.Nf3 d6 3.d4 cxd4 4.Nxd4 Nf6 5.Nc3 a6 6.f3 e5 7.Nb3 Be6 8.Be3 Be7
9.Qd2 O-O 10.O-O-O Qc7 11.g4 Rc8 12.g5 Nh5 13.Kb1 Nd7 14.Rg1 Nb6 15.Qf2 Bd8
16.h4 g6 17.Rd2 Qc6 18.Na5 Qc7 19.Nb3 Qc6 20.Be2 d5 21.Na5 Qc7 22.exd5 Nxd5
23.Nxd5 Qxa5 24.Rgd1 Nf4 25.Bxf4 exf4 26.h5 Bxg5 27.hxg6 hxg6 28.c4 b5 29.Qg2 Bh6
30.Qh2 Bg7 31.Ne7+ Kf8 32.Nxc8 Rxc8 33.Qxf4 bxc4 34.Qd6+ Kg8 35.a3 c3  0-1

[Event "TCh-ROM A"]
[Site "Tusnad ROM"]
[Date "2005.05.22"]
[Round "2"]
[White "Ciobanu,C"]
[Black "Istrati,I"]
[Result "1-0"]
[WhiteElo "2224"]
[BlackElo "2015"]

1.e4 c5 2.Nf3 d6 3.d4 cxd4 4.Nxd4 Nf6 5.Nc3 a6 6.f3 Qb6 7.a4 e6 8.a5 Qc7
9.Be3 Nfd7 10.Qd2 Nc6 11.Nxc6 bxc6 12.Na4 c5 13.Bc4 Be7 14.O-O O-O 15.Rfd1 Bb7
16.Bf4 e5 17.Be3 Bc6 18.Bd5 Rab8 19.Bxc6 Qxc6 20.b3 Rfc8 21.Nc3 Nf6 22.Bg5 c4
23.Bxf6 Bxf6 24.Nd5 Bd8 25.b4 h6 26.c3 Rb7 27.Qe1 Qe8 28.g3 Qe6 29.Kg2 Kh7
30.Ra2 Rc6 31.h4 h5 32.Rad2 g6 33.Qh1 Kg7 34.Qh3 Qxh3+ 35.Kxh3 Rd7 36.g4 hxg4+
37.fxg4 f6 38.Rf1 g5 39.hxg5 fxg5 40.Rdf2 Kg6 41.Rf8 Rh7+ 42.Kg3 Rc8 43.Rg8+ Rg7
44.Ne7+ Bxe7 45.Rxc8 Bf6 46.Rd1 Rd7 47.Rxc4 Be7 48.Rc6 Ra7 49.Rf1 Kg7 50.Rf3 Kg6
51.c4 Kg7 52.b5 axb5 53.cxb5 Bd8 54.a6  1-0

[Event "ch-UKR sf"]
[Site "Alushta UKR"]
[Date "2005.05.23"]
[Round "8"]
[White "Andreev,Ed"]
[Black "Onischuk,V"]
[Result "1-0"]
[WhiteElo "2502"]
[BlackElo "2353"]

1.e4 c5 2.Nf3 d6 3.d4 cxd4 4.Nxd4 Nf6 5.Nc3 a6 6.f3 e5 7.Nb3 Be6 8.Be3 h5
9.Qd2 Nbd7 10.O-O-O b5 11.Kb1 Nb6 12.Qf2 Nc4 13.Bxc4 Bxc4 14.h3 Be7 15.g4 g6
16.f4 Nd7 17.Nd2 Rc8 18.Nxc4 Rxc4 19.Nd5 Nf6 20.fxe5 Nxe4 21.Qf3 dxe5 22.Rhf1 O-O
23.gxh5 Bg5 24.Nb6 Qc7 25.Nxc4 Qxc4 26.hxg6 Bxe3 27.Qxe3 fxg6 28.Rxf8+ Kxf8
29.Re1 Nf6 30.Qxe5 Nd5 31.Rd1 Ne7 32.Qf6+ Ke8 33.Re1 Qb4 34.Qxg6+ Kd8 35.Qe4  1-0

[Event "TCh-ROM A"]
[Site "Tusnad ROM"]
[Date "2005.05.23"]
[Round "3"]
[White "Chirila,I"]
[Black "Madan,A"]
[Result "1-0"]
[WhiteElo "2339"]
[BlackElo "2310"]

1.e4 c5 2.Nf3 d6 3.d4 cxd4 4.Nxd4 Nf6 5.Nc3 a6 6.f3 e6 7.Be3 b5 8.Qd2 Nbd7
9.g4 Nb6 10.O-O-O Bb7 11.Qf2 Nfd7 12.Bd3 Rc8 13.Nce2 Qc7 14.Kb1 Nc4 15.Bxc4 Qxc4
16.Nc1 Ne5 17.Nd3 Nd7 18.g5 Be7 19.h4 d5 20.e5 Qc7 21.f4 g6 22.h5 Rg8 23.Rdg1 Nf8
24.Rh4 b4 25.Rgh1 Bc6 26.hxg6 hxg6 27.Rh8 Rxh8 28.Rxh8 Bb5 29.Nxb5 axb5 30.Rh4 Nd7
31.Bd4 Nb8 32.Rh8+ Kd7 33.Rh7 Ke8 34.f5 gxf5 35.g6 Nc6 36.gxf7+  1-0

[Event "69th ch-BUL"]
[Site "Pleven BUL"]
[Date "2005.05.31"]
[Round "10"]
[White "Dochev,D"]
[Black "Petkov,V"]
[Result "0-1"]
[WhiteElo "2357"]
[BlackElo "2463"]

1.e4 c5 2.Nf3 d6 3.d4 cxd4 4.Nxd4 Nf6 5.Nc3 a6 6.f3 e5 7.Nb3 Be6 8.Be3 Nbd7
9.Qd2 b5 10.O-O-O Be7 11.Qf2 Qb8 12.g4 b4 13.Ne2 a5 14.Kb1 a4 15.Nbc1 b3
16.cxb3 axb3 17.a3 d5 18.g5 Nh5 19.exd5 Bf5+ 20.Nd3 Qd6 21.Nc3 O-O 22.Qh4 Nf4
23.Bxf4 exf4 24.Bh3 Bg6 25.Ne4 Qxd5 26.Qxf4 Qc6 27.Rd2 Qb5 28.Bxd7 Qxd7 29.Ne5 Bxe4+
30.fxe4 Qa4 31.Qf3 Bxg5 32.Rd5 Rac8 33.Rhd1 h6 34.Nd7 Qc4 35.Qc3 Qxe4+ 36.Qd3 Rfe8
37.Qxe4 Rxe4 38.R5d3 Re3 39.Rxe3 Bxe3 40.Re1 Bd2 41.Rd1 Bf4 42.h3 Rc2 43.a4 Rh2
44.a5 Rxh3 45.a6 Be3 46.Rc1 g5 47.Nc5 Bxc5 48.Rxc5 Re3 49.a7 Re1+ 50.Rc1 Re8
51.Rc6 Kg7 52.Kc1 Re1+ 53.Kd2 Ra1 54.Rc7 h5 55.Ke3 h4 56.Kf3 Kg6  0-1

[Event "TCh-ARG Magistral AFA"]
[Site "Buenos Aires ARG"]
[Date "2005.06.07"]
[Round "5"]
[White "Obregon,A"]
[Black "Della Morte,P"]
[Result "1-0"]
[WhiteElo "2310"]
[BlackElo "2285"]

1.e4 c5 2.Nf3 d6 3.d4 cxd4 4.Nxd4 Nf6 5.Nc3 a6 6.f3 e5 7.Nb3 Be6 8.Be3 Nbd7
9.g4 b5 10.Qd2 Nb6 11.g5 Nfd7 12.O-O-O Nc4 13.Qf2 Nxe3 14.Qxe3 Be7 15.h4 Nb6
16.Nc5 Qc7 17.Nxa6 Qb7 18.Nb4 Nc4 19.Bxc4 bxc4 20.a3 O-O 21.Ncd5 Bd8 22.c3 Rb8
23.Kb1 Bxd5 24.Rxd5 Bb6 25.Qe2 Rfc8 26.Rxd6 Bc5 27.Rd5 Bxb4 28.axb4 Ra8 29.Rhd1 Qc6
30.Rc5 Qa4 31.Rxc8+ Rxc8 32.Qd2 Rf8 33.Qd5 g6 34.Rd2 Ra8 35.Qxc4 Qa1+ 36.Kc2 Qe1
37.Qd5 Re8 38.Qd7 Rf8 39.Qe7 Qxh4 40.Qxe5 Qh3 41.Qf6 Qc8 42.Kb3 Qc7 43.Qd6 Qa7
44.Qc5 Qb7 45.Rd6 Rc8 46.Qd5 Qe7 47.Rd7 Qe8 48.b5  1-0

[Event "TCh-BIH Prem"]
[Site "Neum BIH"]
[Date "2005.06.07"]
[Round "4"]
[White "Fercec,N"]
[Black "Ruck,R"]
[Result "1/2-1/2"]
[WhiteElo "2504"]
[BlackElo "2551"]

1.e4 c5 2.Nf3 d6 3.d4 cxd4 4.Nxd4 Nf6 5.Nc3 a6 6.f3 Qb6 7.Nb3 e6 8.g4 Be7
9.Qe2 Qc7 10.Be3 b5 11.Qf2 Nfd7 12.O-O-O Nc6 13.Kb1 Bb7  1/2-1/2

[Event "National Open"]
[Site "Las Vegas USA"]
[Date "2005.06.10"]
[Round "2"]
[White "Schneider,Dm"]
[Black "Burgess,J"]
[Result "1-0"]
[WhiteElo "2466"]
[BlackElo "2196"]

1.e4 c5 2.Nf3 d6 3.d4 cxd4 4.Nxd4 Nf6 5.Nc3 a6 6.f3 e5 7.Nb3 Be7 8.Be3 Be6
9.Qd2 O-O 10.O-O-O a5 11.Bb5 Nc6 12.Qe2 Qb8 13.Na4 Nd7 14.Kb1 Qc7 15.a3 b6
16.Nc3 Nf6 17.g4 Na7 18.g5 Nh5 19.Nd5 Bxd5 20.Rxd5 f5 21.gxf6 Nxf6 22.Rd2 Nxb5
23.Qxb5 a4 24.Nc1 Rfb8 25.Qe2 Ra5 26.Rhd1 Qc6 27.Nd3 d5 28.Nxe5 Qe6 29.Nd3 dxe4
30.Nf4 Qc6 31.fxe4 Nxe4 32.Rd4 Rc8 33.Nd5 Bf6 34.Nxf6+ Nxf6 35.Rd6 Qe4 36.Qd3 Qe5
37.Rd8+ Rxd8 38.Qxd8+ Kf7 39.Bxb6 Rd5 40.Rxd5 Nxd5 41.Qd7+ Kg6 42.Qg4+ Qg5
43.Qe6+ Kh5 44.Bd4 Qg2 45.Qf7+ g6 46.Qxh7+ Kg5 47.h4+ Kf5 48.Qd7+ Ke4 49.Qxa4 Qf1+
50.Ka2 Nf4 51.Bc3+ Kf3 52.Bd2 Ne2 53.Qc6+  1-0

[Event "III Open"]
[Site "Bajada de la Virgen ESP"]
[Date "2005.06.14"]
[Round "2"]
[White "Vega Gutierrez,B"]
[Black "Zivkovic,Ne"]
[Result "1-0"]
[WhiteElo "2091"]
[BlackElo "2208"]

1.e4 c5 2.Nf3 d6 3.d4 cxd4 4.Nxd4 Nf6 5.Nc3 a6 6.f3 e6 7.Be3 Be7 8.Qd2 b5
9.g4 Bb7 10.O-O-O Nc6 11.h4 Rc8 12.Kb1 Ne5 13.Bd3 Nc4 14.Bxc4 Rxc4 15.h5 Nd7
16.g5 Ne5 17.g6 hxg6 18.f4 Ng4 19.hxg6 Bh4 20.f5 e5 21.gxf7+ Kxf7 22.Ne6 Qf6
23.Bg5 Bxg5 24.Nxg5+ Kg8 25.Nd5 Qf8 26.Ne6 Qf7 27.Qg5 Nh6 28.Qd8+ Kh7 29.Ng5+  1-0

[Event "Friendship IM"]
[Site "Cartak CZE"]
[Date "2005.06.18"]
[Round "1"]
[White "Petr,Ma"]
[Black "Hodova,L"]
[Result "1-0"]
[WhiteElo "2293"]
[BlackElo "2085"]

1.e4 c5 2.Nf3 d6 3.d4 cxd4 4.Nxd4 Nf6 5.Nc3 a6 6.f3 Qb6 7.Nb3 e6 8.g4 Be7
9.Qe2 Nc6 10.Be3 Qc7 11.O-O-O b5 12.g5 Nd7 13.h4 b4 14.Na4 Bb7 15.Qf2 Rc8
16.Kb1 Nce5 17.Nb6 Nxb6 18.Bxb6 Qb8 19.Bh3 O-O 20.Rh2 Bd8 21.Bd4 a5 22.h5 a4
23.Nc1 d5 24.f4 Nc4 25.g6 Rc6 26.h6 e5 27.gxh7+ Kxh7 28.hxg7 Kxg7 29.fxe5  1-0

[Event "White Nights"]
[Site "St Petersburg RUS"]
[Date "2005.06.19"]
[Round "2"]
[White "Aseeva,M"]
[Black "Korchagina,V"]
[Result "1-0"]
[WhiteElo "2141"]
[BlackElo "1974"]

1.e4 c5 2.Nf3 d6 3.d4 cxd4 4.Nxd4 Nf6 5.Nc3 a6 6.f3 e5 7.Nb3 Be6 8.Be3 Be7
9.Qd2 O-O 10.O-O-O b5 11.g4 b4 12.Nd5 Bxd5 13.exd5 a5 14.Kb1 Qc7 15.g5 Nfd7
16.h4 Nb6 17.h5 Nc4 18.Bxc4 Qxc4 19.g6 Rc8 20.h6 fxg6 21.hxg7 Nd7 22.Qh2 Nf6
23.Bg5 h5 24.Qg2 a4 25.Nc1 Kxg7 26.Rh4 Qc7 27.Bxf6+ Kxf6 28.Rg1 Rg8 29.Qh3 Kf7
30.Qe6+ Kf8 31.Rxh5 Qc8 32.Rf5+  1-0

[Event "Open"]
[Site "Voronezh RUS"]
[Date "2005.06.19"]
[Round "7"]
[White "Chebotarev,O"]
[Black "Zakhartsov,V"]
[Result "0-1"]
[WhiteElo "2480"]
[BlackElo "2518"]

1.e4 c5 2.Nf3 d6 3.d4 cxd4 4.Nxd4 Nf6 5.Nc3 a6 6.f3 e5 7.Nb3 Be6 8.Be3 h5
9.Qd2 Nbd7 10.O-O-O Rc8 11.Kb1 Be7 12.g3 Qc7 13.h3 b5 14.Rh2 Nb6 15.g4 b4
16.Bxb6 Qxb6 17.Nd5 Nxd5 18.exd5 Bd7 19.f4 hxg4 20.fxe5 g3 21.Re2 dxe5 22.Rxe5 Kf8
23.Rxe7 Kxe7 24.d6+ Kf8 25.Qg5 Qf2 26.Qe7+ Kg8 27.Bd3 Bxh3 28.Nd2 g2 29.Ne4 Qf4
30.Ng5 Bg4 31.d7 Bxd7 32.Qxd7 Rf8 33.Qd5 Rh5 34.Bh7+ Kh8 35.Qc5 Rxg5 36.Qxf8+ Kxh7  0-1